| 000 | 00625nam a2200217Ia 4500 | ||
|---|---|---|---|
| 003 | GCL | ||
| 008 | 140319s9999 xx 000 0 ara d | ||
| 040 |
_aGCL / _cGCL |
||
| 082 | 0 | 4 |
_aم _b956.609 _bح ب |
| 100 | 1 | _aحسن صبرا | |
| 245 | 1 | 0 |
_aبيروت: احتلال عاصمة عربية / _cحسن صبرا |
| 700 | 1 | _aاحمد مدنى | |
| 260 |
_a[S.N] : _bمجلة الشراع ، _c1983 |
||
| 300 | _a375 ص | ||
| 490 |
_aشكاوى المصرى الفصيح _v0 |
||
| 650 | 0 | 4 | _aاسرائيل |
| 650 | 0 | 4 | _aلبنان |
| 650 | 0 | 4 | _aبيروت |
| 650 | 0 | 4 | _aالحرب الاهلية |
| 942 |
_2ddc _cREF |
||
| 999 |
_c59499 _d59499 |
||